Statistics for Fictional Characters by Letter - L

Click here to take the quiz!

General Stats

  • This quiz has been taken 30,244 times
  • The average score is 11 of 20

Answer Stats

HintCharacter% Correct
Mario's brotherLuigi
94%
Tomb RaiderLara Croft
90%
Friend of StitchLilo
90%
He took out the Death StarLuke Skywalker
87%
Leader of the Ninja TurtlesLeonardo
84%
Superman's arch-nemesisLex Luthor
81%
Twin sister of the aboveLeia Organa
78%
Had an affair with GuinevereLancelot
63%
Spacey friend of Harry PotterLuna Lovegood
62%
Elven member of the FellowshipLegolas Greenleaf
61%
"Timmy's trapped down the well",
she barked
Lassie
59%
Rescued ZeldaLink
55%
Peanuts character with a security blanketLinus Van Pelt
53%
Candelabra from Beauty and the BeastLumiere
42%
Watery tart who gave Arthur his swordLady of the Lake
32%
Traveled to LilliputLemuel Gulliver
24%
One of the Dumb & Dumber guysLloyd Christmas
24%
Parks Department worker with
political aspirations
Leslie Knope
24%
The Texas chainsaw massacrerLeatherface
22%
She's the girl with the dragon tattooLisbeth Salander
18%

Score Distribution

Percentile by Number Answered

Percent of People with Each Score

Your Score History

You have not taken this quiz